000 00541nam a2200217Ia 4500
003 OSt
005 20230420112344.0
008 210423s2011 xx 000 0 und d
020 _a9780821868805
040 _cAL
041 _aeng
082 _a516.15
_223
_bMONS
100 _aMONTIEL (Sebastian);ROS (Antonio).
_990951
245 _aCurves and surfaces.
250 _a2
260 _aNew Delhi
_bAmerican mathematical society
_c2011
300 _axvi,376
_bPB
365 _cINR
906 _aCurves ; surfaces.
942 _2ddc
_cBK
999 _c160796
_d160796